• 首页
  • 本馆介绍
  • 公告通知
  • 最新文献
  • 馆藏检索
  • 电子资源
  • 读者导购
  • 参考咨询
  • 我的图书馆
  • 登录
  • 详细信息显示
  • 放入我的书架
  • 预约/预借图书
  • 作者相关作品
  • 分类相关作品
  • 丛书相关作品
  • 出版社相关作品

书目信息

  • 表格格式
  • 工作单格式
  • 卡片格式
题名:
我要:喊停人生一小时!
    
 
作者: 陈裕明 主编 ;WhatyouNeed编辑部 编
分册:  
出版信息: 南京   江苏凤凰文艺出版社  2020
页数: 150页
开本: 26cm
丛书名:
单 册:
中图分类: J228.2 , I267
科图分类:
主题词: 散文集--中国--当代 , 漫画--作品集--中国--现代
电子资源:
ISBN: 978-7-5594-4269-7
000 00980nam0 2200265 450
001 2370998003
005 20231120194346.92
010    @a978-7-5594-4269-7@dCNY59.80
100    @a20200525d2020 em y0chiy50 ea
101 0  @achi
102    @aCN@b320000
105    @aa t 000cy
200 1  @a我要:喊停人生一小时!@9wo yao : han ting ren sheng yi xiao shi !@fWhatYouNeed编辑部编
210    @a南京@c江苏凤凰文艺出版社@d2020
215    @a150页@d26cm
314    @a主编取自主创人员名单
330    @a本书是自媒体“What You Need”的公众号及微博精选文章及漫画作品合集。全书分“迁徙世代”“拥抱”“无意义的”“略私密对话”等版块,并邀请了不同背景、年龄、生活环境里的年轻人来共同讨论了该如何生活。
606 0  @a散文集@y中国@z当代
606 0  @a漫画@x作品集@y中国@z现代
690    @aJ228.2@v5
690    @aI267@v5
701  0 @a陈裕明@9chen yu ming@4主编
712 02 @aWhatyouNeed编辑部@9WhatYouNeed bian ji bu@4编
801  0 @aCN@b91MARC@c20200604
905    @aBZT@dI267@e1797
    
    我要:喊停人生一小时!/WhatYouNeed编辑部编.-南京:江苏凤凰文艺出版社,2020
    150页;26cm
    
    
    ISBN 978-7-5594-4269-7:CNY59.80
    本书是自媒体“What You Need”的公众号及微博精选文章及漫画作品合集。全书分“迁徙世代”“拥抱”“无意义的”“略私密对话”等版块,并邀请了不同背景、年龄、生活环境里的年轻人来共同讨论了该如何生活。
●
相关链接 在五车中查询图书 在当当中查询图书 在豆瓣中查询图书


正题名:我要:喊停人生一小时!     索取号:I267/1797         预约/预借

序号 登录号 条形码 馆藏地/架位号 状态 备注
1 2000988683   2000988683   中教第一批/山东中教(第一批)/289/ [索取号:I267/1797] 在馆    
2 2000988684   2000988684   中教第一批/山东中教(第一批)/289/ [索取号:I267/1797] 在馆    
3 2000988685   2000988685   中教第一批/山东中教(第一批)/289/ [索取号:I267/1797] 在馆    
4 2000988686   2000988686   中教第一批/山东中教(第一批)/289/ [索取号:I267/1797] 在馆    
5 2000988687   2000988687   中教第一批/山东中教(第一批)/289/ [索取号:I267/1797] 在馆    
6 2000988688   2000988688   中教第一批/山东中教(第一批)/289/ [索取号:I267/1797] 在馆    
山东省滨州职业学院图书馆 欢迎您!
大连网信软件有限公司© 版权所有